MARC

LEADER 00000nam0a2200000 4500
001 167008
005 20231101222649.0
035 |a (RuTPU)RU\TPU\book\181163 
090 |a 167008 
100 |a 20091010d1968 k y0rusy50 ca 
101 0 |a rus 
102 |a RU 
105 |a a z 001zy 
200 1 |a Трубопроводный транспорт высоковязких и высокозастывающих нефтей  |e тематический научно-технический обзор  |f Всесоюзный научно-исследовательский институт организации, управления и экономики нефтегазовой промышленности 
210 |a Москва  |c ВНИИОЭНГ  |d 1968 
215 |a 92 с.  |c ил. 
225 1 |a Тематические научно-технические обзоры 
225 1 |a Транспорт и хранение нефти и нефтепродуктов 
320 |a Библиогр.: с. 89-92. 
610 1 |a высоковязкие нефти 
610 1 |a высокозастывающие нефти 
610 1 |a трубопроводный транспорт 
610 1 |a реология 
610 1 |a перекачка 
610 1 |a термообработка 
610 1 |a методы 
610 1 |a магистральные трубопроводы 
610 1 |a обзоры 
675 |a 622.692.4  |v 3 
712 0 2 |a Всесоюзный научно-исследовательский институт организации, управления и экономики нефтегазовой промышленности  |2 stltpush  |3 (RuTPU)RU\TPU\col\7962  |9 24439 
801 1 |a RU  |b 63413507  |c 20091010 
801 2 |a RU  |b 63413507  |c 20100914  |g RCR 
942 |c BK